| 000 | 00763nam a2200217 4500 | ||
|---|---|---|---|
| 001 | 126928 | ||
| 003 | ES-MaACL | ||
| 005 | 20250826042749.0 | ||
| 007 | t| | ||
| 008 | 070214s1986 sp r ||||1| spa d | ||
| 020 | _a84-7351-202-2 | ||
| 100 | 1 |
_aRey Guanter, Salvador del. _996527 |
|
| 245 | 1 | 0 |
_aEstado, sindicatos y relaciones colectivas en la función pública / _cSalvador del Rey Guanter. |
| 260 |
_aAlcalá de Henares : _bInstituto Nacional de Administración Pública, _c1986. |
||
| 300 |
_a252 p. ; _c19 cm. |
||
| 490 | 1 |
_aNueva investigación ; _v3 |
|
| 710 | 2 |
_aInstituto Nacional de Administración Pública (España) _95139 |
|
| 830 | 0 |
_aNueva investigación ; _v3 _9184536 |
|
| 852 |
_aES-MaACL _jL-11512 _bR.113081 |
||
| 999 |
_c126928 _d126928 |
||